|
|
|
|
| LEADER |
02583nam a2200637 i 4500 |
| 001 |
nkc20213329046 |
| 003 |
CZ PrNK |
| 005 |
20210812093040.0 |
| 007 |
ta |
| 008 |
210622s2021 xr a e c 000 0dcze |
| 020 |
|
|
|a 978-80-7010-172-8
|q (brožováno)
|
| 040 |
|
|
|a OLA001
|b cze
|d ABA001
|e rda
|
| 041 |
1 |
|
|a cze
|a eng
|h cze
|
| 043 |
|
|
|a e-xr---
|
| 045 |
|
|
|a x-y-
|
| 072 |
|
7 |
|a 73
|x Sochařství, keramika, porcelán, umělecké zpracování kovů
|2 Konspekt
|9 21
|
| 080 |
|
|
|a 730(437.3)
|2 MRF
|
| 080 |
|
|
|a 730.036/.038
|2 MRF
|
| 080 |
|
|
|a 72/76:069.5
|2 MRF
|
| 080 |
|
|
|a (437.3)
|2 MRF
|
| 080 |
|
|
|a (437.311)
|2 MRF
|
| 080 |
|
|
|a (083.824)
|2 MRF
|
| 100 |
1 |
|
|a Hlaváčková, Jitka,
|d 1976-
|7 pna2007403545
|4 aut
|
| 245 |
1 |
0 |
|a Nejistá sezóna :
|b Zámek Troja = An uncertain season : Troja Château /
|c autoři medailónů: Jitka Hlaváčková, Magdalena Juříková, Jakub Král, Olga Malá ; překlad: Tomáš Míka
|
| 246 |
3 |
1 |
|a Uncertain season
|
| 264 |
|
1 |
|a Praha :
|b Galerie hlavního města Prahy,
|c 2021
|
| 300 |
|
|
|a 37 stran :
|b barevné ilustrace ;
|c 26 cm
|
| 336 |
|
|
|a text
|b txt
|2 rdacontent
|
| 336 |
|
|
|a statický obraz
|b sti
|2 rdacontent
|
| 337 |
|
|
|a bez média
|b n
|2 rdamedia
|
| 338 |
|
|
|a svazek
|b nc
|2 rdacarrier
|
| 500 |
|
|
|a Vydáno ke stejnojmenné výstavě konané ve dnech 13.5.-31.10.2021 v Galerii hlavního města Prahy, Zámek Troja
|
| 500 |
|
|
|a 750 výtisků
|
| 546 |
|
|
|a Souběžný anglický text
|
| 610 |
2 |
7 |
|a Galerie hlavního města Prahy
|7 kn20010709023
|2 czenas
|
| 648 |
|
7 |
|a 20.-21. století
|7 ch462155
|2 czenas
|
| 650 |
0 |
7 |
|a české sochařství
|7 ph128152
|y 20.-21. století
|2 czenas
|
| 650 |
0 |
7 |
|a moderní sochařství
|7 ph122941
|z Česko
|2 czenas
|
| 650 |
0 |
7 |
|a umělecké sbírky
|7 ph135222
|z Česko
|2 czenas
|
| 650 |
0 |
9 |
|a Czech sculpture
|y 20th-21st centuries
|2 eczenas
|
| 650 |
0 |
9 |
|a modern sculpture
|z Czechia
|2 eczenas
|
| 650 |
0 |
9 |
|a art collections
|z Czechia
|2 eczenas
|
| 651 |
|
7 |
|a Praha (Česko)
|7 ge118011
|2 czenas
|
| 651 |
|
9 |
|a Prague (Czechia)
|2 eczenas
|
| 655 |
|
7 |
|a katalogy výstav
|7 fd132536
|2 czenas
|
| 655 |
|
9 |
|a exhibition catalogs
|2 eczenas
|
| 700 |
1 |
|
|a Juříková, Magdalena,
|d 1956-
|7 xx0035590
|4 aut
|
| 700 |
1 |
|
|a Král, Jakub,
|d 1989-
|7 xx0225537
|4 aut
|
| 700 |
1 |
|
|a Malá, Olga,
|d 1957-
|7 jx20040217013
|4 aut
|
| 700 |
1 |
|
|a Míka, Tomáš,
|d 1959-
|7 jn20010309517
|4 trl
|
| 710 |
2 |
|
|a Troja (zámek)
|7 ko2002101770
|4 orm
|
| 910 |
2 |
|
|a BOA001
|b 3-1470.379
|
| 990 |
|
|
|a BK
|
| 995 |
|
|
|a 11
|
| 991 |
|
|
|b 202108
|c NOV
|
| 996 |
6 |
|
|b 2610872948
|c 3-1470.379
|l MZK
|r Sklad / do 1 hodiny
|n 0
|p p.v.
|w 001859014
|u 000010
|a 1
|e BOA001
|j MZK50
|s P
|